Statistics for Top 100 Biggest Cities in South Carolina

Click here to take the quiz!

General Stats

  • This quiz has been taken 260 times
    (23 since last reset)
  • The average score is 49 of 100

Answer Stats

#CityPopulation% Correct
1Charleston137,566
100%
3North Charleston115,382
100%
13Myrtle Beach34,695
100%
5Rock Hill75,048
100%
6Greenville70,635
100%
2Columbia131,674
100%
9Hilton Head Island39,861
94%
12Spartanburg37,399
89%
11Florence38,531
89%
28Clemson17,501
89%
10Sumter39,642
89%
4Mount Pleasant91,684
83%
16Anderson27,676
83%
18Conway25,956
83%
7Summerville52,549
78%
31Beaufort13,436
78%
29North Myrtle Beach16,819
78%
22North Augusta23,845
72%
44Georgetown8,742
67%
41Newberry10,199
67%
27West Columbia17,998
67%
15Aiken30,869
67%
8Goose Creek43,665
67%
42Lancaster9,119
61%
24Fort Mill22,284
61%
52Camden7,220
61%
33Orangeburg12,654
61%
14Greer33,373
61%
23Greenwood23,403
56%
25Lexington22,157
56%
20Mauldin25,409
56%
19Bluffton25,557
56%
30Cayce14,009
56%
57Darlington5,940
56%
43Laurens8,849
56%
35Irmo12,483
56%
62Chester5,377
56%
21Simpsonville24,221
50%
45Seneca8,533
50%
46York8,412
50%
47Clinton8,380
50%
49Union7,640
50%
83Bamberg3,189
50%
89Denmark2,934
50%
34Gaffney12,609
50%
17Hanahan26,917
50%
87Kingstree3,063
50%
72Barnwell4,291
50%
55Marion6,326
50%
65Abbeville5,014
44%
67Surfside Beach4,525
44%
59Walterboro5,426
44%
68Walhalla4,472
44%
76Manning3,892
44%
88Bishopville3,017
44%
50Hartsville7,542
44%
26Easley21,364
44%
48Bennettsville7,730
44%
66Edgefield4,810
39%
71Isle of Palms4,360
39%
78Ridgeland3,811
39%
91Allendale2,924
39%
81Saluda3,605
39%
56Dillon6,311
39%
40Forest Acres10,298
39%
61Central5,385
39%
37Moncks Corner11,986
39%
75Blythewood4,150
33%
90Williston2,925
33%
93Loris2,761
33%
80Duncan3,626
33%
84Winnsboro3,181
33%
85Pickens3,170
33%
51Hardeeville7,278
33%
54Lake City6,497
33%
32Port Royal13,235
33%
63Travelers Rest5,346
33%
60Batesburg-Leesville5,415
33%
58Cheraw5,562
33%
53Clover6,519
28%
95Springdale2,733
28%
92Andrews2,859
28%
69Belton4,455
28%
82Pendleton3,285
28%
38Tega Cay11,335
22%
39Fountain Inn10,441
22%
74Mullins4,239
22%
86Liberty3,154
22%
64Hollywood5,227
22%
77Honea Path3,826
22%
36James Island12,109
17%
94Burnettown2,747
17%
96Ravenel2,720
17%
99Folly Beach2,660
17%
100Pageland2,636
17%
73Williamston4,260
11%
79Lyman3,718
11%
97Wellford2,718
11%
98Landrum2,677
11%
70Woodruff4,418
6%

Score Distribution

Percentile by Number Answered

Percent of People with Each Score

Your Score History

You have not taken this quiz since the last reset